000 00523 a2200205 4500
005 20260226112648.0
008 260226b |||||||| |||| 00| 0 eng d
020 _a9789358704815
_cRs. 799.00
040 _aMAIN
082 _a330.954
_bD262I
100 _aDatt, Gaurav
245 _aIndian economy
260 _bS Chand
_c2025
_aNew Delhi
300 _axx, 755
650 _aEconomics- India
650 _aIndia- Economic Policy
650 _aEconomic Development- India
700 _aNag, Biswajit
942 _cBK
999 _c396316
_d396316